La revisión de vida sacerdotal / (Registro nro. 51354)

Detalles MARC
000 -LEADER
campo de control de longitud fija 00741nam a2200253 i 4500
001 - NÚMERO DE CONTROL
campo de control 51354
003 - IDENTIFICADOR DE NÚMERO DE CONTROL
campo de control ES-MaACL
005 - FECHA Y HORA DE LA ÚLTIMA TRANSACCIÓN
campo de control 20230906162336.0
007 - CAMPO FIJO DE DESCRIPCIÓN FÍSICA--INFORMACIÓN GENERAL
campo de control de longitud fija t|
008 - DATOS DE LONGITUD FIJA--INFORMACIÓN GENERAL
campo de control de longitud fija 030812s1967 sp ||||1| spa d
100 1# - ENTRADA PRINCIPAL--NOMBRE DE PERSONA
Nombre de persona Charrier, André.
9 (RLIN) 38121
245 13 - MENCIÓN DEL TÍTULO
Título La revisión de vida sacerdotal /
Mención de responsabilidad, etc. A. Charrier, L. Retif, J. Leroy ; tradujeron A. Arjona y F. Díaz.
260 ## - PUBLICACIÓN, DISTRIBUCIÓN, ETC.
Lugar de publicación, distribución, etc. Salamanca :
Nombre del editor, distribuidor, etc. Sígueme,
Fecha de publicación, distribución, etc. 1967.
300 ## - DESCRIPCIÓN FÍSICA
Extensión 236 p. ;
Dimensiones 19 cm.
490 1# - MENCIÓN DE SERIE
Mención de serie Hinneni ;
Designación de volumen o secuencia 70
650 04 - PUNTO DE ACCESO ADICIONAL DE MATERIA--TÉRMINO DE MATERIA
Término de materia o nombre geográfico como elemento de entrada Sacerdotes.
9 (RLIN) 16959
700 1# - ENTRADA AGREGADA--NOMBRE PERSONAL
Nombre de persona Arjona, A.
9 (RLIN) 22883
700 1# - ENTRADA AGREGADA--NOMBRE PERSONAL
Nombre de persona Díaz, F.
9 (RLIN) 44119
700 0# - ENTRADA AGREGADA--NOMBRE PERSONAL
Nombre de persona Rétif, Louis.
9 (RLIN) 182353
700 1# - ENTRADA AGREGADA--NOMBRE PERSONAL
Nombre de persona Leroy, Jean.
9 (RLIN) 161597
830 0# - PUNTO DE ACCESO ADICIONAL DE SERIE-TÍTULO UNIFORME
Título uniforme Hinneni ;
Designación de volumen o secuencia 70
9 (RLIN) 180790
852 ## - LOCALIZACIÓN
Ubicación ES-MaACL
Número de control de estantería C-31702
Existencias
Estatus retirado Estado de pérdida Estado de daño No para préstamo Biblioteca de origen Biblioteca actual Ubicación en estantería Fecha de adquisición Fuente de adquisición Total de préstamos Signatura topográfica completa Código de barras Visto por última vez Precio de reemplazo Tipo de ítem Koha
        Biblioteca del Ateneo de Madrid Biblioteca del Ateneo de Madrid Depósito 2 17/01/2008     C-31702 1054010 23/02/2023 23/02/2023 Libro impreso